Reinforced concrete design handbook: (رقم التسجيلة. 107990)
[ عرض عادي ]
| 000 -LEADER | |
|---|---|
| fixed length control field | 00914cam a2200277 a 4500 |
| 003 - CONTROL NUMBER IDENTIFIER | |
| control field | EG-GiCUC |
| 008 - FIXED-LENGTH DATA ELEMENTS--GENERAL INFORMATION | |
| fixed length control field | 080812s198u miu f 000 0 eng |
| 040 ## - CATALOGING SOURCE | |
| Original cataloging agency | DLC |
| Transcribing agency | DLC |
| Modifying agency | DLC |
| 092 04 - LOCALLY ASSIGNED DEWEY CALL NUMBER (OCLC) | |
| Classification number | 624.1834 |
| Item number | R367 |
| Edition number | 21 |
| 099 ## - LOCAL FREE-TEXT CALL NUMBER (OCLC) | |
| Classification number | 04 |
| -- | 624.1834 R367 |
| 245 10 - TITLE STATEMENT | |
| Title | Reinforced concrete design handbook: |
| Remainder of title | of the American Concrete Institute/ |
| Statement of responsibility, etc. | A.J.Boase Author-chairman |
| 260 ## - PUBLICATION, DISTRIBUTION, ETC. | |
| Place of publication, distribution, etc. | Detroit: |
| Name of publisher, distributor, etc. | American Concrete Institute, |
| Date of publication, distribution, etc. | [198-] |
| 300 ## - PHYSICAL DESCRIPTION | |
| Extent | 132; |
| Dimensions | 24cm |
| 490 1# - SERIES STATEMENT | |
| Series statement | A Meet the world book |
| 650 #0 - SUBJECT ADDED ENTRY--TOPICAL TERM | |
| Topical term or geographic name entry element | Concrete |
| 650 #0 - SUBJECT ADDED ENTRY--TOPICAL TERM | |
| Topical term or geographic name entry element | Concrete construction |
| 650 #0 - SUBJECT ADDED ENTRY--TOPICAL TERM | |
| Topical term or geographic name entry element | Reinforced concrete |
| General subdivision | Testing |
| 700 1# - ADDED ENTRY--PERSONAL NAME | |
| Personal name | Boase, A. J. |
| Fuller form of name | (Arthur James) |
| 710 2# - ADDED ENTRY--CORPORATE NAME | |
| Corporate name or jurisdiction name as entry element | American Concrete Institute. |
| 800 1# - SERIES ADDED ENTRY--PERSONAL NAME | |
| Personal name | Gunther, John, |
| Dates associated with a name | 1901-1970. |
| Title of a work | Meet the world books. |
| 902 ## - LOCAL DATA ELEMENT B, LDB (RLIN) | |
| No. of Items | 1 |
| 905 ## - LOCAL DATA ELEMENT E, LDE (RLIN) | |
| Cataloger | Jamal |
| Reviser | Cat. |
| 905 ## - LOCAL DATA ELEMENT E, LDE (RLIN) | |
| Cataloger | Reda |
| Reviser | Rev |
| 942 ## - ADDED ENTRY ELEMENTS (KOHA) | |
| Source of classification or shelving scheme | Dewey Decimal Classification |
| Koha item type | Books |
| Source of classification or shelving scheme | Not for loan | Home library | Current library | Date acquired | Full call number | Barcode | Date last seen | Copy number | Koha item type |
|---|---|---|---|---|---|---|---|---|---|
| Dewey Decimal Classification | المكتبة المركزبة الجديدة - جامعة القاهرة | قاعة المكتبات المهداة - الدور الرابع | 11.02.2024 | 624.1834 R367 M.K. | 01000114000828000 | 23.06.2024 | C.1 | Books |